|
|
|
|
| LEADER |
00871npc a2200193 i 4500 |
| 001 |
eta1821 |
| 005 |
20181218121718.0 |
| 008 |
181218s2018 hu o 0|| hun d |
| 040 |
|
|
|a SZTE Elektronikus Tananyag Archívum
|b hun
|
| 041 |
|
|
|a hun
|
| 100 |
1 |
|
|a Málovics Éva
|
| 245 |
1 |
0 |
|a Szervezeti viselkedés
|h [elektronikus dokumentum] :
|b 11. fejezet : csoportok a szervezetben /
|c Málovics Éva
|
| 246 |
1 |
0 |
|a Organizational behavior : 11. chapter
|h [elektronikus dokumentum]
|
| 260 |
|
|
|c 2018
|
| 650 |
|
4 |
|a Társadalomtudományok
|
| 650 |
|
4 |
|a Közgazdasági és gazdálkodástudományok
|
| 650 |
|
4 |
|a Gazdálkodás és menedzsment
|
| 856 |
4 |
0 |
|u https://eta.bibl.u-szeged.hu/1821/1/15_11_Szervezeti_viselked%C3%A9s_csoport.ppt
|z Dokumentum-elérés
|
| 856 |
4 |
0 |
|u https://eta.bibl.u-szeged.hu/1821/2/15_11_Szervezeti_viselked%C3%A9s_Csoportok%20a%20szervezetben.pdf
|z Dokumentum-elérés
|